000 00943nam a2200301Ia 4500
001 8719
003 IT-RoPAU
008 130308s9999 xx 000 0 und d
040 _aIT-RoPAU
040 _cIT-RoPAU
041 _aFRANCESE
100 _aBarrera-Vidal Albert
100 _gCodice Aut. SPICS: 10585
245 _aEnseignement par la B.D. du francais langue etrangere en allemagne federale (L')
245 _bLecture et bande Dessinee-Actes Du I Colloque International Education et bande Dessinee
250 _a1a ed.
260 _aLA ROQUE D'ANTHERON
260 _bEdisud
260 _c1977 [1° Ed.:1977 - Ed.Ling.Originale:1977]
300 _a"10 p. (prefazione: no ; testo: 10 [pagine: 99-108])"
500 _aInsegnamento con Il Fumetto della Lingua Francese in Germania
650 _aSAGGI SUL FUMETTO
650 _eCodice materia Spics: 6711
942 _cBK
957 _71
999 _c50545
_d50545
999 _bSI
999 _g1